Counsling : Theory and practice (Record no. 1377878)

MARC details
000 -LEADER
fixed length control field 00659nam a2200229Ia 4500
005 - DATE AND TIME OF LATEST TRANSACTION
control field 20250508162644.0
008 - FIXED-LENGTH DATA ELEMENTS--GENERAL INFORMATION
fixed length control field 008 250505s9999 xx 000 0 eng d
020 ## - INTERNATIONAL STANDARD BOOK NUMBER
International Standard Book Number 0-13-181298-X
037 ## - SOURCE OF ACQUISITION
Stock number Textual
040 ## - CATALOGING SOURCE
Original cataloging agency FEDL
Language of cataloging eng
Transcribing agency FEDL
041 ## - LANGUAGE CODE
Language code of text/sound track or separate title eng
Source of code eng
084 ## - COLON CLASSIFICATION NUMBER
Classification number 371.4, GEO
Assigning agency FEDL
100 ## - MAIN ENTRY--PERSONAL NAME
Personal name George Rickey L.
245 #0 - TITLE STATEMENT
Title Counsling : Theory and practice
250 ## - EDITION STATEMENT
Edition statement 2nd
260 ## - PUBLICATION, DISTRIBUTION, ETC.
Place of publication, distribution, etc. Englewood Cliffs
Name of publisher, distributor, etc. Prentice-Hall
Date of publication, distribution, etc. 1986
300 ## - PHYSICAL DESCRIPTION
Extent xviii,298p.
650 ## - SUBJECT ADDED ENTRY--TOPICAL TERM
Topical term or geographic name entry element Educational - Guidance and Counseling
9 (RLIN) 756302
700 ## - ADDED ENTRY--PERSONAL NAME
Personal name Cristiani Therese S.
9 (RLIN) 773716
942 ## - ADDED ENTRY ELEMENTS (KOHA)
Koha item type Textual
Classification part 371.4, GEO
Holdings
Withdrawn status Lost status Damaged status Not for loan Home library Current library Date acquired Total Checkouts Full call number Barcode Date last seen Price effective from Koha item type
        Department of Education Library Department of Education Library 2025-05-08   371.4, GEO EL0070435 2025-05-08 2025-05-08 Textual
Copyright @ Delhi University Library System